THE FREE MIND (Record no. 2515)

MARC details
000 -LEADER
fixed length control field 00410nam a22001697a 4500
005 - DATE AND TIME OF LATEST TRANSACTION
control field 20250305111818.0
008 - FIXED-LENGTH DATA ELEMENTS--GENERAL INFORMATION
fixed length control field 160613b xxu||||| |||| 00| 0 eng d
020 ## - INTERNATIONAL STANDARD BOOK NUMBER
ISBN 978-81-7992-789-2
041 ## - LANGUAGE CODE
Language code of text/sound track or separate title eng
082 ## - DEWEY DECIMAL CLASSIFICATION NUMBER
Item number 823
100 ## - MAIN ENTRY--AUTHOR NAME
Personal name DE BONO EDWARD
245 ## - TITLE STATEMENT
Title THE FREE MIND
260 ## - PUBLICATION, DISTRIBUTION, ETC. (IMPRINT)
Place of publication MUMBAI
Name of publisher JAICO BOOKS PUBLISHING HOUSE
Year of publication 2008
300 ## - PHYSICAL DESCRIPTION
Number of Pages 103;P
650 ## - SUBJECT ADDED ENTRY--TOPICAL TERM
Topical Term LIFE SKILL
942 ## - ADDED ENTRY ELEMENTS (KOHA)
Koha item type Books
Holdings
Lost status Damaged status Home library Date acquired Cost, normal purchase price Full call number Accession Number Koha item type Collection code Current library Shelving location
    JRU Library 13/06/2016 150.00 7223 7223 Books      
    JRU Library 13/06/2016 150.00 158.1 7224 Books LIFE SKILL JRU Library SHELF-102-J
    JRU Library 13/06/2016 150.00 158.1 7225 Books LIFE SKILL JRU Library SHELF-102-J
    JRU Library 13/06/2016 150.00 158.1 7226 Books LIFE SKILL JRU Library SHELF-102-J